| 000 | 00786cam a2200301 4500 | ||
|---|---|---|---|
| 008 | 090401t1995 xxu||||| |||| 00| 0 eng d | ||
| 020 | _a0860174360 | ||
| 035 | _a(Sirsi) u57642 | ||
| 041 | _aeng | ||
| 050 | _a627.86 | ||
| 100 | _aJohnson, R.A. | ||
| 245 | _aUnderground service reservoirs : waterproofing and repair manual. | ||
| 260 |
_aLondon _bCIRIA _c1995 |
||
| 300 | _a18,67,34,37p. ; 30cm. | ||
| 350 | _a52 | ||
| 490 |
_aCIRIA Report _v138 |
||
| 650 | _aBUILDIING DEFECTS | ||
| 650 | _aCONTAMINATED WATER | ||
| 650 | _aDRAINAGE | ||
| 650 | _aREPAIRS | ||
| 650 | _aRESERVOIRS | ||
| 690 | _aBUILDING AND CONSTRUCTION-REPAIRS AND MAINTENANCE | ||
| 700 | _aLeek, D.S. | ||
| 700 | _aKing, E.S. | ||
| 700 | _aDunne, H.B. | ||
| 942 | _n0 | ||
| 948 | _c04/03/1997 | ||
| 999 |
_c93954 _d93954 |
||